Материал доклада Наркомздрава РСФСР

Доступно только в Электронных читальных залах Найти на картеНа карте
RUSMARC
00003654nmc2a22002413x 450
00133b6ee2d-a3e8-448d-991c-2f3b1407f086
00520220128142843.0
100##$a20211219l19251925k y0rusy50 ca
1010#$arus
102##$aRU
105##$aa z |||||
1222#$ad19251218
$ad19251231
2001#$aМатериал доклада Наркомздрава РСФСР
$j18.12.1925 - 1925
215##$a27 листов
$cтабл.
251##$cДело
300##$aМашинописный и рукописный текст
461#0$1001796d4672-8a00-4986-b488-6e42273792cc
$12001
$aЦЕНТРАЛЬНЫЙ ИСПОЛНИТЕЛЬНЫЙ КОМИТЕТ СССР (ЦИК СССР)
$1251
$cФонд
$1852
$j3316
$gР
462#0$1001695fbc83-70c9-44d4-9de9-10349b3c2ddf
$12001
$aДела Секретариата Президиума ЦИК Союза ССР за 1925 г.
$vД. 55
$1251
$cОпись
$1852
$j18
60101$3RU\NLR\AUTH\880357276
$aСССР
$bЦИК
60101$3RU\NLR\AUTH\8810152844
$aРСФСР
$bГлавная государственная санитарная инспекция
801#0$aRU
$bGA_RF
801#1$aRU
$bГлавНИВЦ
$c20211219
$2rusmarc
801#2$aRU
$bПБ им. Б.Н. Ельцина
$c20220128
$gRCR
$2rusmarc
852##$aГА РФ
$j55
937##$d173464060
$hГАРФ
035##$aRuPRLIB51065314
856##$uhttp://readingroom.main.prlib.ru/item.aspx?id_node=n173464060&mode=full
Формат отображения